| 000 | 00932cam a2200301 i 4500 | ||
|---|---|---|---|
| 001 | 200451171 | ||
| 999 |
_c200451171 _d69383 |
||
| 003 | TR-AnTOB | ||
| 005 | 20250620074106.0 | ||
| 007 | ta | ||
| 008 | 210914s2019 tu 20 0turu | ||
| 020 | _a9786057637024 | ||
| 040 |
_aCANKA _beng _erda _cTR-AnTOB |
||
| 041 | 0 | _atur | |
| 050 | 1 | 4 |
_aPL248.Y5533 _bZ36 2019 |
| 090 |
_aPL248.Y5533 _bZ36 2019 |
||
| 100 | 1 |
_aYıldırım, Meliha _9140014 _eauthor |
|
| 245 | 1 | 0 |
_aZaman o zaman değil / _cMeliha Yıldırım. |
| 250 | _a1. baskı: Kasım 2019 | ||
| 264 | 1 |
_aÜsküdar, İstanbul : _bH2O Yayıncılık, _c2019. |
|
| 300 |
_avii, 107 pages ; _c20 cm |
||
| 336 |
_2rdacontent _atext _btxt |
||
| 337 |
_2rdamedia _aunmediated _bn |
||
| 338 |
_2rdacarrier _avolume _bnc |
||
| 490 | 0 |
_aH2O Kitap ; _v113 _aTürkçe Edebiyat Dizisi ; _v46 _aÖykü ; _v13 |
|
| 650 | 7 |
_aKısa hikayeler, Türk _2etuturkob _948475 |
|
| 942 |
_2lcc _cBK |
||